ბათუმის შოთა რუსთაველის სახელმწიფო უნივერსიტეტის ბიბლიოთეკა

ტ. 1. ცხოველების ფერმა : [რომანი] ; პატივი კატალონიას : [დოკუმენტ. მოთხრობა] (ბიბ.ჩანაწერი № 51541)

000 -LEADER
fixed length control field 01132nam a2200253Ia 4500
001 - CONTROL NUMBER
control field 18532
003 - CONTROL NUMBER IDENTIFIER
control field GE_BSU
008 - FIXED-LENGTH DATA ELEMENTS--GENERAL INFORMATION
fixed length control field 181216s||||||||xx |||||||||||||| ||und||
020 ## - INTERNATIONAL STANDARD BOOK NUMBER
International Standard Book Number ISBN 978-9941-21-545-2
040 ## - CATALOGING SOURCE
Transcribing agency GE_BSU
080 ## - UNIVERSAL DECIMAL CLASSIFICATION NUMBER
Universal Decimal Classification number 821.11-31
100 ## - MAIN ENTRY--PERSONAL NAME
Personal name ორუელი, ჯორჯ.
245 ## - TITLE STATEMENT
Title ტ. 1. ცხოველების ფერმა : [რომანი] ; პატივი კატალონიას : [დოკუმენტ. მოთხრობა]
245 ## - TITLE STATEMENT
Remainder of title რჩეული ნაწარმოებები : 2 ტომად
245 ## - TITLE STATEMENT
Statement of responsibility, etc. მთარგმნ. დათო აკრიანი; რედ.: ლია შარვაშიძე, ნინო დეკანოსიძე;სარედ. ჯგუფი: ზურაბ აბაშიძე [და სხვ.].
260 ## - PUBLICATION, DISTRIBUTION, ETC.
Place of publication, distribution, etc. თბილისი
260 ## - PUBLICATION, DISTRIBUTION, ETC.
Name of publisher, distributor, etc. პალიტრა L
260 ## - PUBLICATION, DISTRIBUTION, ETC.
Date of publication, distribution, etc. 2014
300 ## - PHYSICAL DESCRIPTION
Extent 376 გვ.20სმ.
653 ## - INDEX TERM--UNCONTROLLED
Uncontrolled term დოკუმენტური მოთხრობა
653 ## - INDEX TERM--UNCONTROLLED
Uncontrolled term რომანი
942 ## - ADDED ENTRY ELEMENTS (KOHA)
Koha item type წიგნი
ეგზემპლარები
Withdrawn status Lost status Damaged status Not for loan Date acquired Barcode Date last seen Price effective from Koha item type
        2018-12-17 47935 2018-12-17 2018-12-17 წიგნი